00333nam a2200133Ia 4500008004000000041000800040082001200048100002000060245003400080260004300114650001700157650001000174650001500184210210b1964 xxu||||| |||| 00| 0 eng d aeng a824/283 aSEN (Gupta S C) aShakespeares historical plays aLondonbOxford University Pressc1964 aShakespeares aplays ahistorical